000 00436nam a2200181Ia 4500
005 20240823063130.0
008 240823s9999||||xx |||||||||||||| ||und||
041 _aENGLISH
082 _A621.312 N6
100 _aPillai S K
245 2 _aA First Course on Electrical Drives
250 _a2nd
260 _c1996
_b"New Age,New Delhi"
500 _aYES
650 _aElectrical Drives
_bElectrical
942 _cBK
999 _c237523
_d237523